[Event "FIDE-Online-Steinitz-Memorial-Women"]
[Site "Internet"]
[Date "2020.05.15"]
[Round "5"]
[White "Tan, Zhongyi"]
[Black "Lagno, Kateryna"]
[Result "0-1"]
[WhiteElo "2510"]
[BlackElo "2608"]
[Annotator "TA"]
[PlyCount "66"]
[EventDate "2020.05.15"]
[EventType "tourn"]
[SourceTitle "playchess.com"]
[Source "ChessBase"]
[SourceQuality "1"]

{[%evp 24,66,33,22,20,18,29,-24,-32,-36,-39,-38,-39,-37,-34,-107,-110,-176,-183,-173,-173,-209,-222,-244,-231,-320,-329,-318,-210,-208,-180,-183,-181,-241,-220,-259,-260,-325,-290,-468,-474,-862,-835,-29978,-29977]} 1. d4 Nf6 2. c4 g6 3. Nc3 d5 4. cxd5 Nxd5 5. g3 Bg7 6. Bg2 Nb6 7. Nf3 O-O 8. O-O Nc6 9. d5 Na5 10. Qc2 c6 11. dxc6 Nxc6 12. Rd1 Bd7 13. Bf4 Rc8 {[#] D76: Fianchetto Grünfeld: Main Line with 7...Nb6.} 14. Qd3 $146 ({Predecessor:} 14. Rac1 e5 15. Bg5 f6 16. Qb3+ Kh8 17. Be3 Na5 18. Qb4 Nc6 19. Qb3 Na5 20. Bxb6 axb6 21. Qb4 {1-0 (42) Van Wely,L (2609)-Hellers,F (2592) chess.com INT 2020}) 14... Be6 15. Qxd8 (15. Qe3 $142 Qe8 16. Bh6) 15... Rfxd8 $11 {Black has an edge.} 16. Rxd8+ Rxd8 17. Ng5 Bc4 18. Bxc6 bxc6 19. Kf1 {[#]} ({Better is} 19. Nge4 $1 $15) 19... Nd5 $1 $17 20. Nge4 (20. Nxd5 $17 Bxd5 21. f3) 20... Nxf4 $19 21. gxf4 f5 22. Ng3 Rd2 23. Rb1 a5 24. Ke1 {[#]} Rxb2 $1 {[%mdl 512]} 25. Rc1 (25. Rxb2 Bxc3+) 25... Bxc3+ 26. Rxc3 {[%mdl 4096] Endgame KRB-KRN} Bd5 27. a3 a4 28. h4 (28. f3 $142) 28... Kf7 29. h5 Kf6 30. hxg6 Kxg6 ({Not} 30... hxg6 31. e3 $17) 31. e3 $2 (31. Rd3) 31... h5 32. Rd3 (32. Ne2 $142 h4 33. e4 fxe4 34. Nd4) 32... h4 33. Ne2 {[#]} Rxe2+ $1 {[%mdl 512] White got outplayed after the opening. Accuracy: White = 28%, Black = 88%.} 0-1

[Event "FIDE-Online-Steinitz-Memorial-Women"]
[Site "Internet"]
[Date "2020.05.15"]
[Round "5"]
[White "Khademalsharieh, Sarasadat"]
[Black "Kosteniuk, Alexandra"]
[Result "0-1"]
[WhiteElo "2431"]
[BlackElo "2521"]
[Annotator "TA"]
[PlyCount "54"]
[EventDate "2020.05.15"]
[EventType "tourn"]
[SourceTitle "playchess.com"]
[Source "ChessBase"]
[SourceQuality "1"]

{[%evp 13,54,12,26,27,22,12,25,18,17,3,0,0,93,28,53,0,0,0,0,-4,0,-35,0,0,0,-33,0,-33,-29,-82,-81,-93,-93,-102,-94,-93,-92,-89,-93,-209,-140,-767,-727]} 1. d4 Nf6 2. c4 e6 3. Nf3 b6 4. a3 Bb7 5. Nc3 Ne4 6. Nxe4 Bxe4 7. e3 Be7 8. Bd3 {E12: Queen's Indian: Unusual White 4th moves, 4 a3, 4 Nc3 Bb7 5 a3 and 4 Nc3 Bb7 .} d5 9. cxd5 {[#]} exd5 $146 ({Predecessor:} 9... Qxd5 10. Qa4+ Nd7 11. Bxe4 Qxe4 12. Bd2 c5 13. O-O a6 14. Rac1 b5 15. Qa5 Qb7 16. dxc5 Nxc5 {½-½ (24) Dos Santos,M (2420)-Mesquita,F (2344) ICCF email 2006}) 10. O-O {White has an edge.} O-O 11. b3 Nd7 12. Bb2 f5 (12... Bd6 $11) 13. Rc1 (13. Bb5 $16) 13... f4 14. Bxe4 ({Better is} 14. exf4 $14 Rxf4 15. Bxe4 Rxe4 16. Nd2) 14... dxe4 $11 15. Nd2 fxe3 16. fxe3 Bg5 17. Qe2 (17. Rxf8+ {is more complex.} Qxf8 18. Qe2 Nf6 19. Qc4+ Kh8 20. Nf1) 17... Rxf1+ (17... Nf6 {keeps more tension.} 18. Nc4 Qd7 19. Qe1 Nd5 20. Qg3 Rxf1+ 21. Rxf1 Bf6) 18. Nxf1 Nf6 $1 19. Qc4+ Qd5 20. Qxc7 Qxb3 {[%mdl 64] [#] Double Attack} 21. Qc3 (21. Bc3 $11) 21... Qxc3 $17 22. Bxc3 Rc8 23. Bd2 Rxc1 24. Bxc1 Kf7 25. Kf2 Ke6 26. Ng3 (26. Ke2 $17 {was called for.}) 26... g6 27. h3 $2 {[%mdl 8192] [#]} (27. Ke2 $17) 27... Bh4 {Accuracy: White = 35%, Black = 69%.} 0-1

[Event "FIDE-Online-Steinitz-Memorial-Women"]
[Site "Internet"]
[Date "2020.05.15"]
[Round "5"]
[White "Paehtz, Elisabeth"]
[Black "Abdumalik, Zhansaya"]
[Result "0-1"]
[WhiteElo "2396"]
[BlackElo "2409"]
[Annotator "TA"]
[PlyCount "172"]
[EventDate "2020.05.15"]
[EventType "tourn"]
[SourceTitle "playchess.com"]
[Source "ChessBase"]
[SourceQuality "1"]

{[%evp 13,172,4,4,-3,22,22,17,-2,16,0,184,183,182,184,208,180,175,172,223,178,227,215,225,174,232,231,221,224,225,175,229,222,247,228,289,269,308,290,417,405,408,402,360,182,296,256,395,381,722,717,685,687,681,677,662,643,603,441,404,302,408,410,410,355,327,254,384,381,362,210,221,0,0,-109,0,0,468,468,465,453,558,549,511,522,585,566,1118,1081,659,638,584,556,505,372,779,749,894,473,2006,1982,2362,2327,2029,1790,1198,973,1047,733,838,738,819,740,670,0,764,-4135,-4135,-4135,-4129,-4135,-4133,-4133,-4133,-4133,-4133,-11865,-4133,-4133,-4133,-4133,-4133,-29952,-4133,-4133,-4122,-29957,-4133,-29957,-29958,-29958,-29956,-4133,1045,996,869,847,847,-29971,-29971,-29972,-29973,-29973,-29974,-29977,-29978,-29978,-29979,-29979,-29980,-29984,-29985]} 1. d4 Nf6 2. Nf3 g6 3. Bg5 Bg7 4. Nbd2 d5 5. c3 O-O 6. e3 c5 7. Be2 b6 8. O-O {D03: 1 d4 d5 2 Nf3 Nf6 3 Bg5, including Torre Attack with early ...d5.} Nc6 9. Qa4 Bb7 10. Qa3 {The position is equal.} Nd7 11. b4 {[%cal Rb4c5,Bb2b4,Bb4b5][%mdl 32] [#]} c4 $146 (11... f6 $11 12. Bh4 c4) ({Predecessor:} 11... cxb4 12. cxb4 f6 13. Bh4 Qe8 14. Nb3 e5 15. b5 Nd8 16. Rac1 Ne6 17. Qd6 Rf7 {1-0 (54) Paehtz,E (2470)-Muzychuk,M (2563) Hengshui 2019}) 12. b5 $18 Na5 13. Bxe7 {[%mdl 64] Double Attack} Qe8 14. Bxf8 Bxf8 15. Qb2 Nf6 (15... Bd6 $142 16. Rfe1 h6) 16. Bd1 h6 17. Bc2 Bd6 18. Rfe1 Ne4 (18... Qe7 {was called for.} 19. Qc1 Ne4 20. Nxe4 dxe4) 19. Nxe4 dxe4 20. Nd2 Qe7 21. Qc1 Bd5 (21... Ba3 $142 22. Qb1 Re8) 22. Qd1 h5 23. Rb1 Rf8 24. Qe2 Kg7 25. f3 f5 (25... Qc7 $142 26. fxe4 Bxh2+ 27. Kh1 Bb7) 26. fxe4 fxe4 27. Rf1 Re8 28. Qf2 (28. Rf2 $142) 28... Qg5 (28... Bb8 $142 29. Qe2 Nb7 30. Nxc4 Rc8) 29. Rbe1 h4 (29... Nb7 {is a better defense.} 30. a4 Ba3 31. Bxe4 {[%mdl 64] Deflection} Rxe4 32. Nxe4 Bxe4 33. Qf7+ Kh6) 30. Nxe4 Bxe4 $2 (30... Rxe4 31. Bxe4 Bxe4 32. Qf7+ Kh6) 31. Qf7+ Kh6 32. Bxe4 Rxe4 33. Qg8 {[%cal Rg8h8]} Re7 34. Qf8+ Kh7 35. e4 h3 {[%csl Gh3][%cal Rg5g2]} 36. Re2 Rd7 37. Rf7+ Rxf7 38. Qxf7+ {[%mdl 64] Double Attack} Kh6 {intending ...Qc1+.} 39. Qf3 hxg2 (39... Qc1+ $142 40. Kf2 hxg2 41. Kxg2 Qg5+ 42. Kf1 Qc1+ 43. Kg2 Qg5+ 44. Kf1 Qc1+ 45. Re1 Qf4 46. Qxf4+ Bxf4) 40. e5 Be7 41. Qh3+ ({Stronger than} 41. Qxg2 Qc1+ 42. Qf1 Qxc3 $11) (41. Qe3 $142) 41... Kg7 42. Qxg2 $2 (42. Qe3 $18) 42... Qc1+ $11 {[%mdl 64] Double Attack} 43. Kf2 (43. Qf1 $11 Qxc3 44. Qf4) 43... Qxc3 ({Black should try} 43... Bh4+ $17 44. Kf3 Qxc3+ {[%mdl 64] Double Attack} 45. Kg4 Qxd4+ 46. Qe4 Qxe4+ 47. Rxe4 Be7) 44. Qe4 Qd3 $2 {[%mdl 8192]} (44... Qh3 $11 {and Black is okay.} 45. Kg1 c3) 45. Qxd3 $18 cxd3 46. Rd2 Kf7 47. Kf3 Nc4 48. Rxd3 Bb4 49. Ke4 Nd2+ 50. Kd5 Ke7 51. Kc6 Nc4 52. Rh3 Ke6 53. Rh8 Bc3 $2 (53... Na5+ 54. Kc7 Nc4) 54. Re8+ Kf7 55. Rd8 Na5+ (55... Ke7 $142) 56. Kd5 Ke7 57. Ra8 g5 58. Rxa7+ Kd8 59. Ke4 Nc4 60. Rh7 Nd2+ 61. Kd5 Bb4 62. Rg7 Nf3 63. Rh7 $2 (63. Rg6 $18) 63... g4 $2 {[%mdl 8192]} (63... Nd2 $11 64. Rh6 Kc7 65. Rc6+ Kd7 66. Rxb6 Kc7) 64. Ke4 $4 {[%mdl 8192]} (64. Rb7 $18 Nxh2 65. Rxb6) 64... Ng5+ $19 {[%mdl 64] Double Attack} 65. Kf5 Nxh7 66. Kxg4 Ke7 67. Kf5 Bc3 68. d5 Nf8 69. d6+ Kd7 (69... Kf7 $142 70. h4 Bb2) 70. h4 Bd2 71. h5 Ne6 72. Kf6 Bf4 (72... Nf4 $142 73. Kf7 Bc3 74. e6+ Nxe6 75. h6 Nd4 76. a4 Kxd6 77. h7 Nxb5 $1 {[%mdl 512]} 78. axb5 Bd4 79. Kg6 Kc5 80. Kf7 Kxb5 81. h8=N Bxh8 82. Kf8 Kc4 83. Kf7 Bd4 84. Kg8 b5 85. Kf8 b4 86. Kg8 b3 87. Kf8 b2 88. Kf7 b1=Q 89. Ke6 Qg6+ 90. Kd7 Bb6 91. Kc8 Qc6+ 92. Kb8 Qc7+ 93. Ka8 Qc8#) 73. Kf5 Bc1 74. a4 Bd2 (74... Nc5 $142 75. Kf6 Bb2 76. h6 Nd3 77. Kf5 Nxe5 78. Kf6 Kxd6 79. Kg7 Ke6 80. h7 Nf7+ 81. Kg6 Bf6 82. Kh5 Kf5 83. h8=B Nxh8 84. Kh6 Nf7+ 85. Kh7 Be7 86. a5 bxa5 87. Kg7 Ng5 88. b6 a4 89. b7 Bd6 90. b8=B Bxb8 91. Kf8 a3 92. Ke7 a2 93. Kd7 a1=Q 94. Kc6 Qa6+ 95. Kc5 Bd6+ 96. Kd4 Ne4 97. Kd5 Nf2 98. Kd4 Qd3#) 75. Kf6 Nc5 76. Kf7 Bf4 77. Kf6 Nxa4 $4 {[%mdl 8192] [#]} (77... Be3 $19 78. Kf7 Bd4) 78. e6+ $1 $18 Kxd6 79. e7 Bg5+ 80. Kxg5 $4 {[%mdl 8192]} (80. Kf7 $18 Bxe7 81. h6) 80... Kxe7 {[%mdl 4096] Endgame KN-KPP. Black mates.} 81. Kg6 Kf8 82. h6 Kg8 83. Kf6 Nc3 84. Kg6 Nxb5 85. Kf6 Nc7 86. Ke7 b5 {What a fight! Accuracy: White = 64%, Black = 36%.} 0-1

[Event "FIDE-Online-Steinitz-Memorial-Women"]
[Site "Internet"]
[Date "2020.05.15"]
[Round "5"]
[White "Cori T., Deysi"]
[Black "Sebag, Marie"]
[Result "0-1"]
[WhiteElo "2391"]
[BlackElo "2482"]
[Annotator "TA"]
[PlyCount "70"]
[EventDate "2020.05.15"]
[EventType "tourn"]
[SourceTitle "playchess.com"]
[Source "ChessBase"]
[SourceQuality "1"]

{[%evp 11,70,-14,-9,-18,28,31,375,57,51,52,43,52,47,25,28,0,1,4,12,4,41,32,36,30,58,42,36,30,56,30,30,30,31,23,34,23,46,0,56,58,102,99,93,102,151,-70,168,167,174,174,164,0,0,0,0,0,0,0,0,-358,-350]} 1. d4 d5 2. c3 Nf6 3. Nf3 e6 4. g3 c5 5. Bg2 Nc6 6. O-O Be7 7. Ne5 {D02: 1 d4 d5 2 Nf3 sidelines, including 2...Nf6 3 g3 and 2...Nf6 3 Bf4.} Nxe5 8. dxe5 {[#]} Ng4 $146 {[%mdl 8192]} (8... Nd7 $14) ({Predecessor:} 8... Nd7 9. f4 O-O 10. e4 dxe4 11. Bxe4 f5 12. Bg2 Rb8 13. Be3 b6 14. Qb3 Kf7 {½-½ (50) Khan,N (1939)-Thakur Zania,H (1487) Dhaka 2019}) 9. e4 $2 (9. Qa4+ $18 Kf8 10. Qxg4) 9... Nxe5 $14 10. exd5 exd5 11. Re1 Nc6 12. Qxd5 Be6 13. Qxd8+ (13. Qh5 {is more complex.} O-O 14. Nd2 Qc8 15. Qe2 Rd8 16. Nc4) 13... Rxd8 14. Nd2 {[%cal Bb1d2,Bd2e4,Be4c5][%mdl 32]} O-O 15. Ne4 h6 16. Be3 c4 17. Nc5 Bc8 18. Rad1 Rfe8 19. Rxd8 Bxd8 20. Rd1 Bb6 21. Ne4 Bxe3 22. fxe3 Be6 23. Nc5 Bc8 24. Ne4 Ne5 ({Black should play} 24... Be6 $11) 25. Rd5 $36 {[%mdl 2048] And now Nd6 would win. White has the initiative.} Bg4 26. Nd6 Re6 27. Nxb7 Nf3+ {[%mdl 64] [#] Discovered Attack} 28. Kf2 $2 ({White must play} 28. Bxf3 $1 $16 Bxf3 29. Rd8+ Kh7 30. Nd6) 28... Ng5 $2 (28... Rb6 $1 $15 {keeps the upper hand.} 29. Rd8+ Kh7) 29. Rd8+ $18 Kh7 30. Nd6 Rf6+ {[#]} 31. Kg1 $2 (31. Ke1 $1 $18) 31... Nh3+ $1 $11 32. Kh1 Nf2+ 33. Kg1 Nh3+ 34. Kh1 Rf2 35. Ne4 $2 {[%mdl 8192]} (35. Nxc4 $11 Rc2 36. Bxh3 (36. Be4+ $2 g6 $19) 36... Bxh3 37. Kg1) 35... Rxb2 {Quite a comeback for Black. Accuracy: White = 58%, Black = 53%.} 0-1

[Event "FIDE-Online-Steinitz-Memorial-Women"]
[Site "Internet"]
[Date "2020.05.15"]
[Round "6"]
[White "Kosteniuk, Alexandra"]
[Black "Lei, Tingjie"]
[Result "1/2-1/2"]
[WhiteElo "2521"]
[BlackElo "2530"]
[Annotator "TA"]
[PlyCount "96"]
[EventDate "2020.05.15"]
[EventType "tourn"]
[SourceTitle "playchess.com"]
[Source "ChessBase"]
[SourceQuality "1"]

{[%evp 9,96,18,18,18,21,15,16,27,14,13,23,9,17,0,0,-22,-29,-29,-14,-18,-9,-8,18,0,4,12,21,10,10,6,12,0,18,22,16,13,13,11,15,0,22,27,39,29,70,70,67,11,26,0,0,0,0,0,0,0,37,35,27,39,37,34,277,7,7,7,7,7,7,0,0,0,0,0,0,0,0,0,0,0,0,0,0,0,0,0,0,0,0]} 1. e4 e5 2. Nf3 Nf6 3. Nxe5 d6 4. Nf3 Nxe4 5. Bd3 Nf6 6. O-O {C42: Petroff Defence: 3 Nxe5 and unusual White 3rd moves.} Be7 7. c3 {7.Re1 is the recent fashion.} O-O 8. Bc2 d5 9. d4 Bg4 10. h3 Bh5 {[#]} 11. g4 $146 ({Predecessor:} 11. Bf4 Bd6 12. Bxd6 Qxd6 13. Nbd2 Nbd7 14. g4 Bg6 15. Bxg6 hxg6 16. Re1 Rfe8 {½-½ (16) Strugar,J (2179)-Sekulovic,A (2123) Belgrade 2018}) 11... Bg6 12. Ne5 Bxc2 13. Qxc2 c5 14. Be3 Nbd7 15. Nd2 Rc8 16. Qf5 Nxe5 17. dxe5 Nd7 18. Nf3 Nb6 19. Rad1 Rc6 20. b3 Qc8 (20... f6 {feels hotter.} 21. Qd3 fxe5 22. Nxe5 Re6 23. f4 g5) 21. Qxc8 Rfxc8 22. Rd2 f6 23. Bf4 Re6 24. Re1 Rf8 25. Kg2 h6 26. exf6 Rfxf6 {[#] Hoping for ...Rxe1.} 27. Rxe6 Rxe6 28. Be5 (28. Bc7 $14) 28... Kf7 $11 29. Kg3 Bf6 30. Bxf6 Kxf6 {[%mdl 4096] Endgame KRN-KRN} 31. h4 a5 32. h5 Re4 33. Nh4 Re1 34. Nf5 Rc1 35. Rd3 Rc2 $2 {[#]} ({Black should try} 35... a4 $14) 36. Ne3 $2 (36. Rf3 $1 $18 Rxa2 37. Nxh6+ Ke6 38. Re3+ Kf6 39. Nf5) 36... Rxa2 {The position is equal.} 37. Nxd5+ Nxd5 38. Rxd5 {KR-KR} Ra3 39. Rd6+ Ke5 40. Rb6 c4 41. bxc4 Rxc3+ 42. f3 Rxc4 {...Rb4 is the strong threat.} 43. Rxb7 Kf6 $1 44. Ra7 a4 45. Ra6+ Kf7 46. Ra7+ Kf6 47. Ra6+ Kf7 48. Ra7+ Kf6 {Accuracy: White = 87%, Black = 87%.} 1/2-1/2

[Event "FIDE-Online-Steinitz-Memorial-Women"]
[Site "Internet"]
[Date "2020.05.15"]
[Round "6"]
[White "Stefanova, Antoaneta"]
[Black "Tan, Zhongyi"]
[Result "0-1"]
[WhiteElo "2485"]
[BlackElo "2510"]
[Annotator "TA"]
[PlyCount "100"]
[EventDate "2020.05.15"]
[EventType "tourn"]
[SourceTitle "playchess.com"]
[Source "ChessBase"]
[SourceQuality "1"]

{[%evp 21,100,9,15,4,17,14,14,0,0,0,0,0,65,37,35,0,0,0,0,0,0,-42,0,0,0,0,0,0,0,0,14,0,0,0,0,0,0,0,0,0,0,0,0,-28,-2,-8,0,-31,-37,-124,-10,-54,-27,-58,-56,-58,0,-58,0,-43,0,-97,0,0,0,-31,0,0,0,0,0,0,0,-870,-842,-29970,-29965,-5381,-2128,-1465,-1373]} 1. d4 Nf6 2. Nf3 d5 3. c4 e6 4. g3 Be7 5. Bg2 O-O 6. O-O dxc4 7. Qc2 a6 8. a4 Bd7 9. Qxc4 Bc6 10. Bg5 Bd5 11. Qd3 Be4 12. Qd1 {E05: Open Catalan: 5 Nf3 Be7.} c5 13. dxc5 Bxc5 14. Nc3 {[#] Threatens to win with Qxd8.The position is equal.} Bc6 15. Ne5 Bxg2 16. Kxg2 {[#]} Qc7 $1 $146 {[%mdl 8] A relevant novelty.} (16... h6 $11 17. Qxd8 Rxd8 18. Bxf6 gxf6) ({Predecessor:} 16... h6 17. Bf4 Nbd7 18. Nxd7 Qxd7 19. Qxd7 Nxd7 20. Rfd1 Nf6 21. Rd3 Rfd8 22. Rad1 Rxd3 23. Rxd3 {0-1 (62) Bosiocic,M (2624)-Safarli,E (2639) Riadh 2017}) 17. Bxf6 $1 $14 gxf6 18. Nd3 Be7 19. Rc1 Nc6 20. e4 Qb6 21. Nf4 Kh8 22. Qe2 Rad8 23. Rfd1 Qb4 24. Nd3 Qb3 25. Qe3 Rd4 26. Rd2 Rfd8 27. Rcd1 Qc4 28. Nf4 Rxd2 29. Rxd2 Rxd2 30. Qxd2 Qd4 31. Qe2 Ne5 32. Qh5 {White wants to play Nxe6!} Ng6 33. Qf3 Ne5 34. Qh5 {Threatening Nxe6!} Bc5 35. Nh3 (35. Qe2 $15) 35... Bf8 (35... Bb4 $17 36. Qe2 Nd3) 36. Qe2 Nd3 37. Nf4 Nxf4+ 38. gxf4 Bc5 (38... Bb4 $15) 39. h4 (39. f5 $11) 39... h6 (39... Bb4 $15) 40. Kg3 Bb4 41. Nd1 {[#]} (41. Qe3 $11 {keeps the balance.} Qd7 42. Qf3) 41... Kg7 (41... Bd2 $1 $17) 42. b3 $11 b6 43. Qc2 Bc5 44. Ne3 b5 45. axb5 axb5 46. h5 b4 47. Ng4 $2 {[%mdl 8192]} (47. Qc4 $11) 47... Qc3+ $19 48. Qxc3 bxc3 49. b4 c2 (49... Bd4 $142 50. Ne3 Bxe3) 50. bxc5 c1=Q {Accuracy: White = 63%, Black = 67%.} 0-1

[Event "FIDE-Online-Steinitz-Memorial-Women"]
[Site "Internet"]
[Date "2020.05.15"]
[Round "6"]
[White "Sebag, Marie"]
[Black "Lagno, Kateryna"]
[Result "1/2-1/2"]
[WhiteElo "2482"]
[BlackElo "2608"]
[Annotator "TA"]
[PlyCount "78"]
[EventDate "2020.05.15"]
[EventType "tourn"]
[SourceTitle "playchess.com"]
[Source "ChessBase"]
[SourceQuality "1"]

{[%evp 9,78,31,30,30,29,44,38,15,29,20,27,18,21,0,0,0,0,0,0,0,0,0,0,0,0,8,8,0,28,7,38,26,15,12,18,0,0,0,0,-13,-11,-29,-39,-36,-35,-139,-119,-128,-97,-193,0,0,0,0,0,0,0,0,0,0,0,0,0,0,0,0,0,0,0,0,0]} 1. e4 e5 2. Nf3 Nc6 3. Bb5 g6 4. c3 Bg7 5. d4 exd4 6. cxd4 {C60: Ruy Lopez: Unusual Black 3rd moves and 3...g6.} a6 7. Ba4 b5 8. Bb3 {White is slightly better. 8.Bc2 deserves study. Played by Fabiano Caruana in March 2020.} Nge7 9. d5 Na5 $1 10. Bd2 Nxb3 11. axb3 O-O 12. Bc3 f5 13. Bxg7 Kxg7 14. O-O Bb7 15. Nc3 fxe4 16. Qd4+ {[%mdl 64] [#] Double Attack} Kg8 17. Qxe4 Nc8 {[#]} 18. Rfe1 $146 ({Predecessor:} 18. Ne5 Qe7 19. Rae1 d6 20. Ng4 Qxe4 21. Rxe4 h5 22. Ne3 Nb6 23. Rd1 Rae8 24. Rdd4 {½-½ (42) Sebag,M (2450)-Goryachkina,A (2564) Skolkovo 2019}) 18... Nd6 19. Qd4 Qf6 20. Qxf6 (20. Qc5 {looks sharper.} Rae8 21. h3 Rxe1+ 22. Rxe1 Qd8 23. b4) 20... Rxf6 21. Ne5 Rd8 (21... b4 $5 {[%cal Rb4c3]}) 22. b4 Rf4 23. Nd3 Rd4 24. Nc5 Rxb4 25. Nxb7 Nxb7 26. Rxa6 Rxb2 27. g3 ({Better is} 27. Ne4 $1 $15) 27... Nc5 28. Ra7 Nd3 29. Re2 (29. Re7 $17) 29... b4 $2 (29... Rxe2 $19 30. Nxe2 c5 31. dxc6 dxc6) 30. Rxb2 $11 {The position is equal.} Nxb2 {[%mdl 4096] Endgame KRN-KRN} 31. Ne4 Nd3 32. Rxc7 b3 {[#] ...b2 is the strong threat.} 33. Rb7 b2 {Hoping for ...Ra8.} 34. Kf1 Rc8 {aiming for ...Rc2.} (34... Ra8 $5 35. Ke2 $8 Ra3 $14) 35. Ke2 Rc1 36. Nd2 Rc3 37. Ne4 Rc1 38. Nd2 Rc3 39. Ne4 Rc1 {Accuracy: White = 87%, Black = 92%.} 1/2-1/2

[Event "FIDE-Online-Steinitz-Memorial-Women"]
[Site "Internet"]
[Date "2020.05.15"]
[Round "6"]
[White "Abdumalik, Zhansaya"]
[Black "Khademalsharieh, Sarasadat"]
[Result "0-1"]
[WhiteElo "2409"]
[BlackElo "2431"]
[Annotator "ChessBase"]
[PlyCount "102"]
[EventDate "2020.05.15"]
[EventType "tourn"]
[SourceTitle "playchess.com"]
[Source "ChessBase"]
[SourceQuality "1"]
[TimeControl "180+2"]

1. e4 e5 2. Nf3 {[%emt 0:00:04]} Nc6 {[%emt 0:00:03]} 3. Bb5 {[%emt 0:00:00]} a6 {[%emt 0:00:02]} 4. Ba4 {[%emt 0:00:02]} Nf6 {[%emt 0:00:01]} 5. O-O {[%emt 0:00:01]} b5 {[%emt 0:00:00]} 6. Bb3 {[%emt 0:00:01]} Bc5 {[%emt 0:00:01]} 7. c3 {[%emt 0:00:01]} d6 {[%emt 0:00:02]} 8. d4 {[%emt 0:00:01]} Bb6 {[%emt 0:00:02]} 9. Be3 {[%emt 0:00:01]} Bg4 {[%emt 0:00:12]} 10. Nbd2 {[%emt 0:00:04]} exd4 {[%emt 0:00:05]} 11. cxd4 {[%emt 0:00:02]} Nxd4 {[%emt 0:00:09]} 12. Bxd4 {[%emt 0:00:02]} Bxd4 {[%emt 0:00:01]} 13. Bxf7+ {[%emt 0:00:08]} Kxf7 {[%emt 0:00:18]} 14. Qb3+ {[%emt 0:00:02]} d5 {[%emt 0:00:18]} 15. Nxd4 {[%emt 0:00:03]} c5 {[%emt 0:00:01]} 16. Nc6 {[%emt 0:00:21]} Qd6 {[%emt 0:00:06]} 17. exd5 {[%emt 0:00:02]} c4 {[%emt 0:00:27]} 18. Qg3 {[%emt 0:00:03]} Qxg3 {[%emt 0:00:22]} 19. hxg3 {[%emt 0:00:09]} Rhe8 {[%emt 0:00:02]} 20. f4 {[%emt 0:00:08]} Kg8 {[%emt 0:00:10]} 21. d6 {[%emt 0:00:18]} Re6 {[%emt 0:00:03]} 22. Ne5 {[%emt 0:00:19]} Rxd6 {[%emt 0:00:02]} 23. Ndf3 {[%emt 0:00:05]} Bf5 {[%emt 0:00:17]} 24. a4 {[%emt 0:00:02]} Rad8 {[%emt 0:00:02]} 25. axb5 {[%emt 0:00:03]} axb5 {[%emt 0:00:01]} 26. Ra5 {[%emt 0:00:03]} Ne4 {[%emt 0:00:06]} 27. Rxb5 {[%emt 0:00:10]} Nxg3 {[%emt 0:00:01]} 28. Re1 {[%emt 0:00:02]} Bd3 {[%emt 0:00:02]} 29. Kf2 {[%emt 0:00:07]} Ne4+ {[%emt 0:00:02]} 30. Ke3 {[%emt 0:00:01]} Nf6 {[%emt 0:00:05]} 31. g3 {[%emt 0:00:05]} c3 {[%emt 0:00:07]} 32. Rb7 {[%emt 0:00:11]} c2 {[%emt 0:00:09]} 33. Ng5 {[%emt 0:00:13]} Bf5 {[%emt 0:00:11]} 34. Ke2 {[%emt 0:00:29]} Rd1 {[%emt 0:00:02]} 35. Rc7 {[%emt 0:00:01]} R8d2+ {[%emt 0:00:02]} 36. Kf1 {[%emt 0:00:02]} Rxe1+ {[%emt 0:00:03]} 37. Kxe1 {[%emt 0:00:01]} Rd1+ {[%emt 0:00:01]} 38. Ke2 {[%emt 0:00:01]} c1=Q {[%emt 0:00:02]} 39. Rxc1 {[%emt 0:00:04]} Rxc1 {[%emt 0:00:01]} 40. Ngf3 {[%emt 0:00:04]} Rc2+ {[%emt 0:00:02]} 41. Ke3 {[%emt 0:00:01]} Rxb2 {[%emt 0:00:01]} 42. Nd4 {[%emt 0:00:01]} Bc8 {[%emt 0:00:05]} 43. f5 {[%emt 0:00:02]} Ra2 {[%emt 0:00:02]} 44. g4 {[%emt 0:00:02]} h6 {[%emt 0:00:01]} 45. Ndc6 {[%emt 0:00:04]} Ra3+ {[%emt 0:00:03]} 46. Kf4 {[%emt 0:00:04]} Bb7 {[%emt 0:00:02]} 47. Ne7+ {[%emt 0:00:02]} Kh7 {[%emt 0:00:01]} 48. N7g6 {[%emt 0:00:04]} Nd5+ {[%emt 0:00:02]} 49. Ke4 {[%emt 0:00:02]} Ne7+ {[%emt 0:00:02]} 50. Kf4 {[%emt 0:00:02]} Nxg6+ {[%emt 0:00:01]} 51. fxg6+ {[%emt 0:00:03]} Kg8 {[%emt 0:00:01]} 0-1